Veselé nálepky

Bibliographic Details
Other Authors: Noriega, F. (Illustrator)
Format: Book
Language:Slovak
PhysicalDescription:[8] s. obr. 31x21 cm [1] fareb. samolepka príl.
Published: Bratislava Mladé letá 1998
ISBN:8006008620
Subjects:

MARC

LEADER 00000nam a2200000 a 4500
001 vtls001356649
003 SK-MaSNL
005 20260301114947.0
008 160318s1998 xo 0 slo
015 |a SNBG1999/02-00817 
020 |a 8006008620 
035 |a SNK000310135 
040 |a SNK  |b slo  |c SNK  |e AACR2 
041 0 |a slo 
044 |a xo  |c SK 
080 |a 372.3-053.4:087.5(084.11)  |2 1981 
080 |a 087.5  |2 1981 
245 1 |a Veselé nálepky  |h grafika  |c ilustrace: F. Noriega 
260 |a Bratislava  |b Mladé letá  |c 1998 
300 |a [8] s.  |b obr.  |c 31x21 cm  |e [1] fareb. samolepka príl. 
650 0 7 |a deti predškolského veku  |x zošity pracovné  |2 SNK  |9 386908 
700 1 |a Noriega, F.  |4 ill  |9 386909 
919 |a 80-06-00862-0 
958 |a GPZ 
958 |a TL 
958 |a DB 
999 |c 720412  |d 722342 
952 |t P60, <03>, [BOOK], {603}  |a SNK  |b SNK  |y PREZ  |7 0  |p 17A0183371  |o snkOSB 12102  |i snkKSP 2294/99  |0 0  |1 0  |4 0  |d 1999-03-05  |l 0  |r 2005-01-02 00:00:00  |w 2026-02-23 
952 |t P60, <04>, [BOOK], {604}  |a SNK  |b SNK  |y VYP  |7 0  |p 17A0183372  |o snkOSB 12102 D1  |i snkKSP 2295/99  |0 0  |1 0  |4 0  |d 1999-03-05  |l 0  |r 2005-01-02 00:00:00  |w 2026-02-23